| 000 | 00622nam a2200217Ia 4500 | ||
|---|---|---|---|
| 005 | 20241129110040.0 | ||
| 008 | 241129s9999||||xx |||||||||||||| ||und|| | ||
| 020 | _a978-964-439-431-7 | ||
| 037 | _aTB | ||
| 040 |
_aARTS _beng _cARTS |
||
| 041 |
_aeng _2per |
||
| 084 |
_aP164v Q0 _qARTS |
||
| 100 |
_aRasool Raheen Au. _9727039 |
||
| 245 | 0 |
_aSarguzisht-e-zuban Farsi dari _cRasool Raheen Au. |
|
| 260 |
_aZamistan, _bIntasharat-e-bainul milli al huda _c2012 |
||
| 300 | _a284p. | ||
| 365 |
_aINR _b700 |
||
| 650 |
_aPersian LanguageHistory _9726997 |
||
| 942 |
_cTB _hP164v Q0 |
||
| 999 |
_c1227132 _d1227132 |
||